Missing Word: Jim Carrey (A-Z) Quiz Stats

 Plays Quiz Updated Jan 4, 2015

Challenge
Share
Tweet
Embed
Score 0/22 Timer 03:00
2 Plays Today
Hint Missing Word % Correct
_____ & Dumber Dumb
98.9%
How the _____ Stole ChristmasGrinch
98%
Bruce _____ Almighty
97.2%
Man on the _____ Moon
96.6%
Ace _____ : Pet DetectiveVentura
95.7%
I _____ You Phillip MorrisLove
95.6%
_____-Ass 2 Kick
93.6%
Fun with Dick and _____ Jane
92.7%
_____ Hears a Who!Horton
91%
Me, Myself & _____ Irene
89.5%
The _____ ShowTruman
88.3%
Hint Missing Word % Correct
Lemony Snicket's A Series of _____ Events Unfortunate
84.2%
Batman _____ Forever
82.6%
The _____ GuyCable
80.8%
Eternal _____ of the Spotless MindSunshine
78%
Mr. _____'s PenguinsPopper
75.3%
Earth Girls Are _____ Easy
71.7%
_____ BittenOnce
71.1%
The _____ 23Number
66.9%
_____ ManYes
60.9%
The Incredible Burt _____ Wonderstone
37.3%
Simon _____ Birch
25.8%

Today's Daily Dose

Missing Word
Entertainment 'L'

Word Ladder
Fingers

Quick Pick
When in Rome

On This Day
December 15th II

You're not logged in!

Compare scores with friends on all Sporcle quizzes.
OR
Log In

You Might Also Like...

Show Comments

Extras

Top Quizzes Today


Score Distribution

Your Account Isn't Verified!

In order to create a playlist on Sporcle, you need to verify the email address you used during registration. Go to your Sporcle Settings to finish the process.

Report this User

Report this user for behavior that violates our Community Guidelines.

Details: